|
|
|
|
| LEADER |
01927nam a2200529 a 4500 |
| 001 |
nkc20112166985 |
| 003 |
CZ PrNK |
| 005 |
20110401100701.0 |
| 007 |
ta |
| 008 |
110228s2010 xr e f 000 0 eng |
| 015 |
|
|
|a cnb002166985
|
| 020 |
|
|
|a 978-80-87142-11-0
|q (brož.)
|
| 035 |
|
|
|a (OCoLC)713797633
|
| 040 |
|
|
|a ABA001
|b cze
|
| 043 |
|
|
|a e------
|
| 072 |
|
7 |
|a 616.89
|x Psychiatrie
|2 Konspekt
|9 14
|
| 080 |
|
|
|a 327.7
|2 MRF
|
| 080 |
|
|
|a 316.4.063.34
|2 MRF
|
| 080 |
|
|
|a 613.86
|2 MRF
|
| 080 |
|
|
|a 616.89
|2 MRF
|
| 080 |
|
|
|a 614
|2 MRF
|
| 080 |
|
|
|a (4)
|2 MRF
|
| 080 |
|
|
|a (036)
|2 MRF
|
| 245 |
0 |
0 |
|a FEAM statement on mental health policy issues :
|b a FEAM statement, November 2010
|
| 260 |
|
|
|a Prague :
|b Psychiatric Center,
|c 2010
|
| 300 |
|
|
|a 23 s. ;
|c 30 cm
|
| 504 |
|
|
|a Obsahuje bibliografii a bibliografické odkazy
|
| 610 |
2 |
7 |
|a Fédération Européenne des Académies de Médecine
|7 pna2011626699
|2 czenas
|
| 650 |
0 |
7 |
|a mezinárodní instituce a organizace
|7 ph249764
|z Evropa
|2 czenas
|
| 650 |
0 |
7 |
|a mezinárodní spolupráce
|7 ph122828
|z Evropa
|2 czenas
|
| 650 |
0 |
7 |
|a duševní zdraví
|7 ph119649
|2 czenas
|
| 650 |
0 |
7 |
|a psychiatrie
|7 ph115943
|2 czenas
|
| 650 |
0 |
7 |
|a zdravotní politika
|7 ph127579
|z Evropa
|2 czenas
|
| 650 |
0 |
9 |
|a international institutions and organizations
|z Europe
|2 eczenas
|
| 650 |
0 |
9 |
|a international cooperation
|z Europe
|2 eczenas
|
| 650 |
0 |
9 |
|a mental health
|2 eczenas
|
| 650 |
0 |
9 |
|a psychiatry
|2 eczenas
|
| 650 |
0 |
9 |
|a health policy
|z Europe
|2 eczenas
|
| 655 |
|
7 |
|a informační publikace
|7 fd132454
|2 czenas
|
| 655 |
|
9 |
|a information publications
|2 eczenas
|
| 710 |
2 |
|
|a Fédération Européenne des Académies de Médecine
|7 pna2011626699
|
| 910 |
2 |
|
|a BOA001
|b 4-1264.179
|
| 928 |
9 |
|
|a Psychiatrické centrum Praha
|
| 990 |
|
|
|a BK
|
| 995 |
|
|
|a 01
|
| 991 |
|
|
|b 201103
|c NOV
|e n
|
| 996 |
6 |
|
|b 2610473046
|c 4-1264.179
|l MZK
|r Sklad / do 1 hodiny
|n 0
|p p.v.
|w 001172957
|u 000010
|a 1
|e BOA001
|j MZK50
|s P
|